[Event "Titled Tuesday intern op 23rd Apr Late"]
[Site "Chess.com INT"]
[Date "2024.04.23"]
[Round "11"]
[White "Ashraf, Artin"]
[Black "Hambleton, Aman"]
[Result "0-1"]
[WhiteElo "2399"]
[BlackElo "2420"]
[PlyCount "90"]
[EventDate "2024.04.23"]
[EventType "swiss (blitz)"]
[EventRounds "11"]
[EventCountry "USA"]
[SourceTitle "CB18_2024"]
[SourceDate "2024.05.01"]
[SourceVersion "1"]
[SourceVersionDate "2024.05.01"]
[SourceQuality "2"]

1. e4 b6 2. d4 Bb7 3. Nc3 e6 4. h4 Bb4 5. Nge2 Bxe4 6. a3 Bxc3+ 7. Nxc3 Bb7 8. Qg4 Kf8 9. h5 h6 10. Bf4 d6 11. 0-0-0 Nd7 12. f3 Ngf6 13. Qg3 a6 14. Bd3 b5 15. Qf2 Nd5 16. Nxd5 Bxd5 17. g4 Nb6 18. Rhg1 Ke8 19. g5 Kd7 20. b3 Kc6 21. Kb2 Kb7 22. gxh6 gxh6 23. Rc1 Qf6 24. Qe3 Bc6 25. Ka2 Nd5 26. Qf2 Qxf4 27. c4 bxc4 28. bxc4 Nb6 29. Rb1 Ka7 30. d5 exd5 31. c5 d4 32. cxb6+ cxb6 33. Rgc1 Bd5+ 34. Ka1 Rhc8 35. Qb2 b5 36. Qb4 Rxc1 37. Qa5 Rxb1+ 38. Kxb1 Bb7 39. Qc7 Qe5 40. Be4 Rb8 41. Kb2 Qc5 42. Qxf7 d5 43. Bg6 Qc3+ 44. Ka2 d3 45. Qf4 Qc4+ 0-1

[Event "Titled Tuesday intern op 23rd Apr Late"]
[Site "Chess.com INT"]
[Date "2024.04.23"]
[Round "5"]
[White "Hambleton, Aman"]
[Black "Jelcic, Marko"]
[Result "0-1"]
[WhiteElo "2420"]
[BlackElo "2182"]
[PlyCount "114"]
[EventDate "2024.04.23"]
[EventType "swiss (blitz)"]
[EventRounds "11"]
[EventCountry "USA"]
[SourceTitle "CB18_2024"]
[SourceDate "2024.05.01"]
[SourceVersion "1"]
[SourceVersionDate "2024.05.01"]
[SourceQuality "2"]

1. d4 d5 2. Bf4 Nf6 3. e3 c5 4. c3 Nc6 5. Nd2 Bf5 6. Qb3 Qb6 7. dxc5 Qxb3 8. axb3 e5 9. Bg3 Bxc5 10. b4 Bd6 11. Ngf3 Nd7 12. b5 Ne7 13. c4 0-0 14. cxd5 Nxd5 15. Bc4 N5b6 16. Be2 f6 17. 0-0 Bb4 18. Nc4 Be6 19. b3 Nc5 20. Nxb6 axb6 21. Bc4 Kf7 22. h4 Ke7 23. Rab1 Ra3 24. Bxe6 Kxe6 25. h5 Rfa8 26. Nh4 Rxb3 27. Rxb3 Nxb3 28. Rb1 Ra1 29. Rxa1 Nxa1 30. f4 Bc5 31. Kf2 Nc2 32. fxe5 Nxe3 33. exf6 gxf6 34. Kf3 Nd5 35. Be1 Nc7 36. g4 Nxb5 37. Nf5 Nd4+ 38. Nxd4+ Bxd4 39. Ke4 Bc5 40. Bd2 b5 41. Bc3 b4 42. Bb2 b5 43. Kd3 Be7 44. Kc2 Kd5 45. Kb3 Ke4 46. Bc1 Kf3 47. g5 fxg5 48. Bb2 g4 49. Be5 g3 50. Bd4 g2 51. h6 Ke2 52. Ka2 Kf1 53. Kb3 g1Q 54. Bb2 Qg8+ 55. Kc2 Qc4+ 56. Kb1 Bg5 57. Ka1 Qb3 0-1

[Event "Titled Tuesday intern op 16th Apr Late"]
[Site "Chess.com INT"]
[Date "2024.04.16"]
[Round "6"]
[White "Hambleton, Aman"]
[Black "Zhigalko, Sergei"]
[Result "1-0"]
[WhiteElo "2420"]
[BlackElo "2572"]
[PlyCount "93"]
[EventDate "2024.04.16"]
[EventType "swiss (blitz)"]
[EventRounds "11"]
[EventCountry "USA"]
[SourceTitle "CB17_2024"]
[SourceDate "2024.04.24"]
[SourceVersion "1"]
[SourceVersionDate "2024.04.24"]
[SourceQuality "1"]

1. e4 c5 2. e5 Nc6 3. c3 Nxe5 4. d4 cxd4 5. cxd4 Ng6 6. h4 h5 7. Bd3 d5 8. Qc2 Qb6 9. Nc3 Bd7 10. Nf3 Rc8 11. 0-0 Nh6 12. Re1 Ng4 13. Bg5 Qd6 14. Qb3 Nf4 15. Bxf4 Qxf4 16. Nxd5 Qd6 17. Bb5 e6 18. Nc3 Be7 19. d5 0-0 20. Bxd7 Qxd7 21. dxe6 fxe6 22. Rad1 Qe8 23. Qxe6+ Rf7 24. Ng5 Rc6 25. Qxf7+ Qxf7 26. Nxf7 Kxf7 27. Rd7 Re6 28. Rxe6 Kxe6 29. Rxb7 Bc5 30. Ne4 Bb6 31. Rxg7 Ke5 32. Re7+ Kf5 33. Kf1 Ne5 34. Ng3+ Kf6 35. Rb7 Nd3 36. b3 Kg6 37. f3 Nc1 38. a4 Nxb3 39. Ne4 Kh6 40. Rd7 Nd4 41. Rd6+ Kg7 42. a5 Nf5 43. axb6 Nxd6 44. bxa7 Nf5 45. a8Q Ng3+ 46. Nxg3 Kh6 47. Qc6+ 1-0

[Event "Titled Tuesday intern op 02nd Apr Early"]
[Site "Chess.com INT"]
[Date "2024.04.02"]
[Round "3"]
[White "Hambleton, Aman"]
[Black "Md, Bashiq Imrose"]
[Result "1-0"]
[WhiteElo "2420"]
[BlackElo "2140"]
[PlyCount "63"]
[EventDate "2024.04.02"]
[EventType "swiss (blitz)"]
[EventRounds "11"]
[EventCountry "USA"]
[SourceTitle "CB15_2024"]
[SourceDate "2024.04.10"]
[SourceVersion "1"]
[SourceVersionDate "2024.04.10"]
[SourceQuality "1"]

1. e4 c6 2. Nc3 d5 3. f4 dxe4 4. Nxe4 Nf6 5. Nf2 h5 6. Nf3 Bf5 7. Nh4 e6 8. Nxf5 exf5 9. d4 Bd6 10. Bd3 Qe7+ 11. Qe2 Qxe2+ 12. Kxe2 g6 13. Kf3 0-0 14. c4 Nbd7 15. Bd2 Rfe8 16. Rhe1 Nf8 17. Bc3 Ng4 18. g3 Nxh2+ 19. Kg2 Ng4 20. Nxg4 hxg4 21. c5 Be7 22. d5 cxd5 23. Bb5 Rec8 24. Rxe7 Rxc5 25. Rh1 Nh7 26. Re2 Rxb5 27. Kf1 Rc8 28. Reh2 Kf8 29. Rxh7 Ke7 30. Ke2 d4 31. Bxd4 Re5+ 32. Bxe5 1-0

[Event "Titled Tuesday intern op 02nd Apr Early"]
[Site "Chess.com INT"]
[Date "2024.04.02"]
[Round "7"]
[White "Hambleton, Aman"]
[Black "Osmak, Iulija"]
[Result "0-1"]
[WhiteElo "2420"]
[BlackElo "2459"]
[PlyCount "166"]
[EventDate "2024.04.02"]
[EventType "swiss (blitz)"]
[EventRounds "11"]
[EventCountry "USA"]
[SourceTitle "CB15_2024"]
[SourceDate "2024.04.10"]
[SourceVersion "1"]
[SourceVersionDate "2024.04.10"]
[SourceQuality "1"]

1. e4 g6 2. d4 Bg7 3. Bc4 d6 4. Nf3 a6 5. a4 b6 6. Nc3 e6 7. h4 h6 8. d5 e5 9. h5 g5 10. Nh2 f5 11. exf5 Bxf5 12. Bd3 Qd7 13. Bxf5 Qxf5 14. Qg4 Ne7 15. Qxf5 Nxf5 16. Be3 Nd7 17. Ne4 Nf6 18. Nxf6+ Bxf6 19. Ng4 Ke7 20. Ke2 Bg7 21. Kd3 Kd7 22. Ke4 Ne7 23. Rhd1 Rhb8 24. b4 c6 25. dxc6+ Ke6 26. c4 Nxc6 27. b5 Nb4 28. Rab1 Nc2 29. Rb2 Na3 30. Rb4 Rc8 31. Kd3 a5 32. Rb3 Nxc4 33. f3 d5 34. Bf2 e4+ 35. fxe4 Nb2+ 36. Rxb2 Bxb2 37. exd5+ Kxd5 38. Nxh6 Be5 39. Ng4 Rc3+ 40. Ke2+ Ke6 41. h6 Rc4 42. Nxe5 Kxe5 43. Bxb6 Rxa4 44. Bc7+ Ke4 45. h7 Ra2+ 46. Kf1 Rh8 47. b6 Rxh7 48. Kg1 Rb2 49. Ra1 Rb5 50. Kf2 Kd5 51. Kg3 Kc6 52. Kg4 Rxc7 53. bxc7 Kxc7 54. Rc1+ Kb6 55. Ra1 Rd5 56. Rb1+ Ka6 57. Ra1 Rc5 58. g3 Kb6 59. Rb1+ Kc6 60. Ra1 Kb5 61. Rb1+ Kc4 62. Rc1+ Kb4 63. Rb1+ Ka3 64. Ra1+ Kb2 65. Ra4 Kb3 66. Ra1 a4 67. Rb1+ Kc2 68. Rb6 a3 69. Ra6 Kb2 70. Rb6+ Kc3 71. Ra6 Kb3 72. Kh5 g4+ 73. Kh4 Rc4 74. Rb6+ Rb4 75. Ra6 Ra4 76. Rb6+ Kc3 77. Rb5 a2 78. Rc5+ Kd4 79. Rg5 a1Q 80. Rxg4+ Ke3 81. Rxa4 Qxa4+ 82. g4 Kf3 83. Kg5 Qxg4+ 0-1

[Event "Titled Tuesday intern op 12th Mar Late"]
[Site "Chess.com INT"]
[Date "2024.03.12"]
[Round "6"]
[White "Hambleton, Aman"]
[Black "Arslanov, Shamil"]
[Result "1/2-1/2"]
[WhiteElo "2420"]
[BlackElo "2410"]
[PlyCount "248"]
[EventDate "2024.03.12"]
[EventType "swiss (blitz)"]
[EventRounds "11"]
[EventCountry "USA"]
[SourceTitle "CB12_2024"]
[SourceDate "2023.10.01"]
[SourceVersion "1"]
[SourceVersionDate "2023.10.01"]
[SourceQuality "1"]

1. e4 d6 2. Nf3 e5 3. d4 Bg4 4. dxe5 Nc6 5. Bb5 Qd7 6. Nc3 0-0-0 7. Bg5 Be7 8. Bxe7 Ngxe7 9. exd6 Qe8 10. Qe2 Rxd6 11. Qe3 a6 12. Bxc6 Nxc6 13. 0-0 h5 14. Rad1 Rdh6 15. Rd2 g5 16. Nd5 Re6 17. Nxg5 Rg6 18. Qf4 Ne5 19. f3 Bd7 20. Nf6 Qe7 21. Nxd7 Nxd7 22. Qxf7 Qxg5 23. Qxd7+ Kb8 24. Rff2 Rhg8 25. Kf1 h4 26. h3 Qg3 27. Qd4 Qh2 28. Rd1 Rxg2 29. Rxg2 Qxg2+ 30. Ke1 Qxf3 31. Kd2 Qf4+ 32. Kc3 Re8 33. e5 Qg5 34. Rd3 b6 35. b3 Rxe5 36. Qd8+ Kb7 37. Qxg5 Rxg5 38. Rd4 Rg3+ 39. Rd3 c5 40. Kd2 Rg2+ 41. Kc3 Kc6 42. Rf3 Rg3 43. Rd3 b5 44. Kd2 Rg2+ 45. Kc1 b4 46. Re3 Rg3 47. Kd2 Rg2+ 48. Re2 Rg3 49. Re3 Rg5 50. Re4 Rg2+ 51. Kc1 Rh2 52. Rxh4 Kb5 53. Kb2 a5 54. Rh8 a4 55. Rb8+ Ka5 56. Ra8+ Kb5 57. Rxa4 Rxh3 58. Ra8 Rh2 59. Rb8+ Ka5 60. Ra8+ Kb5 61. Rb8+ Ka5 62. Rd8 Kb5 63. Rd5 Kc6 64. Rf5 Kb5 65. Re5 Rd2 66. Kc1 Rh2 67. Kd1 Rg2 68. Re2 Rg1+ 69. Re1 Rg2 70. Kc1 Rh2 71. Rd1 Rg2 72. Rd2 Rg1+ 73. Kb2 Rg3 74. Rf2 Rh3 75. Rg2 Rf3 76. Rh2 Rg3 77. a4+ bxa3+ 78. Kxa3 Rf3 79. c4+ Kc6 80. Rh6+ Kb7 81. Ka4 Rg3 82. Rf6 Rh3 83. Rf7+ Kb6 84. Rf6+ Kb7 85. Rg6 Kc7 86. Rg7+ Kc6 87. Rg6+ Kb7 88. Rg5 Kb6 89. Rg1 Rh6 90. Rg5 Rh3 91. Rd5 Kc6 92. Rd2 Rh8 93. Ka3 Ra8+ 94. Kb2 Rh8 95. Rg2 Rh3 96. Rg6+ Kb7 97. Re6 Kc7 98. Ka3 Kb7 99. Ka4 Kc7 100. Re1 Kc6 101. Rf1 Kb6 102. Rf6+ Kc7 103. Ra6 Kb7 104. Ra5 Kb6 105. Rb5+ Kc6 106. Ka5 Rh1 107. Rb6+ Kc7 108. Kb5 Rh3 109. Rc6+ Kb7 110. Rb6+ Kc7 111. Ka5 Rg3 112. Rf6 Rh3 113. Rb6 Rg3 114. Ka6 Rh3 115. Rb5 Kc6 116. Rb6+ Kc7 117. Rb7+ Kc6 118. Rb5 Rg3 119. Ka7 Rh3 120. Rb6+ Kc7 121. Rb7+ Kc6 122. Rb8 Kc7 123. Rb6 Rg3 124. Ka6 Rh3 1/2-1/2

[Event "Titled Tuesday intern op 12th Mar Late"]
[Site "Chess.com INT"]
[Date "2024.03.12"]
[Round "9"]
[White "Hambleton, Aman"]
[Black "Pichot, Alan"]
[Result "0-1"]
[WhiteElo "2420"]
[BlackElo "2644"]
[PlyCount "60"]
[EventDate "2024.03.12"]
[EventType "swiss (blitz)"]
[EventRounds "11"]
[EventCountry "USA"]
[SourceTitle "CB12_2024"]
[SourceDate "2023.10.01"]
[SourceVersion "1"]
[SourceVersionDate "2023.10.01"]
[SourceQuality "1"]

1. d4 Nf6 2. c4 e6 3. Nc3 d5 4. cxd5 exd5 5. Bg5 c6 6. e3 h6 7. Bh4 Be7 8. Bd3 0-0 9. Nge2 Re8 10. 0-0 Ne4 11. Bxe7 Qxe7 12. Qc2 Nd6 13. Rae1 Nd7 14. Ng3 Nf6 15. f3 h5 16. e4 h4 17. Nh1 Nh5 18. e5 Nc4 19. f4 Qb4 20. Nd1 Nxf4 21. a3 Nxa3 22. bxa3 Qxd4+ 23. Nhf2 Rxe5 24. Rxe5 Qxe5 25. Qd2 Qg5 26. Ne3 Nxg2 27. Bh7+ Kh8 28. Ne4 Qxe3+ 29. Qxe3 Nxe3 30. Rxf7 Kxh7 0-1

[Event "Titled Tuesday intern op 27th Feb Late"]
[Site "Chess.com INT"]
[Date "2024.02.27"]
[Round "10"]
[White "Hambleton, Aman"]
[Black "Kepeshchuk, Mykhaylo"]
[Result "1-0"]
[WhiteElo "2420"]
[BlackElo "2269"]
[PlyCount "87"]
[EventDate "2024.02.27"]
[EventType "swiss (blitz)"]
[EventRounds "11"]
[EventCountry "USA"]
[SourceTitle "CB10_2024"]
[SourceDate "2024.03.06"]
[SourceVersion "1"]
[SourceVersionDate "2024.03.06"]
[SourceQuality "1"]

1. e4 c5 2. Nf3 d6 3. c3 Nf6 4. Be2 g6 5. 0-0 Bg7 6. Re1 0-0 7. Bf1 Bg4 8. d3 Nc6 9. Nbd2 Rb8 10. h3 Bxf3 11. Nxf3 e5 12. a4 a6 13. g3 b5 14. axb5 axb5 15. Bg2 b4 16. Nd2 Qc7 17. Nc4 Ra8 18. Bd2 Nd7 19. Qc2 Nb6 20. Ne3 bxc3 21. bxc3 Rfb8 22. h4 Ne7 23. h5 Rxa1 24. Rxa1 Ra8 25. Rxa8+ Nxa8 26. Qa4 Qd8 27. Nc4 gxh5 28. Qa6 Ng6 29. Qxd6 Qxd6 30. Nxd6 Nb6 31. Be3 Na4 32. c4 h4 33. Bf3 hxg3 34. fxg3 Bf8 35. Nb7 Nb2 36. Be2 Na4 37. Bd1 Nc3 38. Bc2 Ne2+ 39. Kf2 Nd4 40. Bd1 Kg7 41. Bg4 Kf6 42. Na5 Bd6 43. Kg2 Ne7 44. Nb7 1-0

[Event "Titled Tuesday intern op 13th Feb Early"]
[Site "Chess.com INT"]
[Date "2024.02.13"]
[Round "2"]
[White "Hambleton, Aman"]
[Black "Weishaeutel, Moritz"]
[Result "1-0"]
[WhiteElo "2420"]
[BlackElo "2380"]
[PlyCount "123"]
[EventDate "2024.02.13"]
[EventType "swiss (blitz)"]
[EventRounds "11"]
[EventCountry "USA"]
[SourceTitle "CB08_2024"]
[SourceDate "2024.02.21"]
[SourceVersion "1"]
[SourceVersionDate "2024.02.21"]
[SourceQuality "1"]

1. d4 Nf6 2. Bf4 d5 3. e3 c5 4. c3 Nc6 5. Nd2 e6 6. Ngf3 cxd4 7. exd4 Nh5 8. Be3 Bd6 9. g3 0-0 10. Bd3 f5 11. Ne5 Nf6 12. Ndf3 Ne4 13. Bf4 Nxe5 14. Bxe5 Be7 15. 0-0 b6 16. Ne1 a5 17. Qe2 Bd7 18. f3 Ng5 19. Bb5 Qe8 20. Bxd7 Qxd7 21. a4 Bd6 22. Bxd6 Qxd6 23. Nd3 Nf7 24. Rfe1 Rae8 25. Kg2 Re7 26. Qd2 e5 27. dxe5 Nxe5 28. Nxe5 Rxe5 29. Rxe5 Qxe5 30. Re1 Qd6 31. Rd1 Re8 32. Kf2 Qc5+ 33. Qd4 Kf7 34. Qxc5 bxc5 35. Rxd5 Rb8 36. Rxc5 Rxb2+ 37. Ke3 g6 38. h4 Rc2 39. g4 fxg4 40. fxg4 Rh2 41. h5 Rh4 42. hxg6+ Kxg6 43. Kf4 Rh3 44. Rc6+ Kg7 45. Kg5 h6+ 46. Kf4 Rd3 47. Rc5 Kg6 48. Ke4 Rg3 49. Kf4 Rd3 50. Rc6+ Kg7 51. Kf5 Rf3+ 52. Ke5 Re3+ 53. Kd5 Rg3 54. Rc4 Kg6 55. Kc5 Kg5 56. Kb5 Rxg4 57. Rxg4+ Kxg4 58. c4 h5 59. c5 h4 60. c6 h3 61. c7 h2 62. c8Q+ 1-0

[Event "Titled Tuesday intern op 23rd Jan Late"]
[Site "Chess.com INT"]
[Date "2024.01.23"]
[Round "4"]
[White "Hambleton, Aman"]
[Black "Rogov, Matfey"]
[Result "1-0"]
[WhiteElo "2420"]
[BlackElo "2200"]
[PlyCount "93"]
[EventDate "2024.01.23"]
[EventType "swiss (blitz)"]
[EventRounds "11"]
[EventCountry "USA"]
[SourceTitle "CB05_2024"]
[SourceDate "2024.01.31"]
[SourceVersion "1"]
[SourceVersionDate "2024.01.31"]
[SourceQuality "1"]

1. d4 Nf6 2. Bf4 g6 3. e3 Bg7 4. h3 d6 5. c3 Nc6 6. Nf3 0-0 7. Bh2 Re8 8. Be2 Ne4 9. a4 e5 10. a5 a6 11. 0-0 Bf5 12. Re1 h5 13. Nbd2 Nxd2 14. Nxd2 d5 15. Bf1 Qf6 16. b4 Rad8 17. Nb3 Qg5 18. dxe5 Qe7 19. Nd4 Bd7 20. f4 f6 21. exf6 Bxf6 22. Bd3 Kg7 23. Qf3 Bh4 24. Bg3 Rf8 25. Bxh4 Qxh4 26. Kh2 Ne5 27. Qe2 Bg4 28. Qf1 Rde8 29. g3 Qd8 30. hxg4 Nxg4+ 31. Kg1 Nxe3 32. Qf3 Ng4 33. Ne6+ Rxe6 34. Rxe6 d4 35. Rxg6+ Kh8 36. Qe4 Re8 37. Rh6+ Kg8 38. Qg6+ Kf8 39. Rh8+ Ke7 40. Rxe8+ Qxe8 41. Re1+ Ne3 42. Qxe8+ Kxe8 43. cxd4 Kf7 44. Rxe3 Kf6 45. Re5 c5 46. bxc5 h4 47. gxh4 1-0

[Event "Titled Tuesday intern op 23rd Jan Late"]
[Site "Chess.com INT"]
[Date "2024.01.23"]
[Round "7"]
[White "Hambleton, Aman"]
[Black "Smirnov, Anton"]
[Result "0-1"]
[WhiteElo "2420"]
[BlackElo "2586"]
[PlyCount "142"]
[EventDate "2024.01.23"]
[EventType "swiss (blitz)"]
[EventRounds "11"]
[EventCountry "USA"]
[SourceTitle "CB05_2024"]
[SourceDate "2024.01.31"]
[SourceVersion "1"]
[SourceVersionDate "2024.01.31"]
[SourceQuality "1"]

1. d4 d5 2. Bf4 Nf6 3. e3 c5 4. c3 Nc6 5. Nd2 Bg4 6. Qb3 Qc8 7. Ngf3 e6 8. h3 Bf5 9. Be2 h6 10. 0-0 Be7 11. a4 0-0 12. a5 a6 13. Ne5 Nd7 14. Ndf3 f6 15. Nxd7 Qxd7 16. c4 g5 17. Bg3 cxd4 18. cxd5 exd5 19. Rfd1 Rac8 20. Nxd4 Nxd4 21. Rxd4 Be6 22. Bf3 Rc5 23. Rad1 Rd8 24. Qa2 Qb5 25. e4 Qxa5 26. Qxa5 Rxa5 27. exd5 Bf7 28. Bc7 Rc5 29. d6 Re8 30. d7 Rxc7 31. dxe8Q+ Bxe8 32. Re1 Kf8 33. Rde4 Bf7 34. Rd4 Bb3 35. Bd5 Bxd5 36. Rxd5 Kf7 37. Red1 Ke6 38. Kf1 Bb4 39. R5d4 a5 40. g4 b6 41. Re4+ Kf7 42. Rd5 Be7 43. Kg2 Kf8 44. Rd3 Kf7 45. Rd5 Kf8 46. Re6 Rb7 47. Rb5 Bd8 48. Rd6 Ke7 49. Rc6 Kd7 50. Rc3 Be7 51. Rd3+ Kc6 52. Rf5 b5 53. Rc3+ Kb6 54. Re3 a4 55. Re6+ Ka5 56. Kf1 Kb4 57. Rf3 Rd7 58. Re4+ Ka5 59. Ke2 Rc7 60. Rd3 Bb4 61. Kf3 Rc2 62. Re2 Rc4 63. Re8 Bc5 64. Ra8+ Kb4 65. Ra6 Rf4+ 66. Kg3 Bxf2+ 67. Kg2 Bd4 68. Rd2 Kb3 69. Ra5 b4 70. Rd5 Bxb2 71. Re2 Bc3 0-1

[Event "Titled Tuesday intern op 16th Jan Late"]
[Site "Chess.com INT"]
[Date "2024.01.16"]
[Round "6"]
[White "Baches Garcia, Guillermo"]
[Black "Hambleton, Aman"]
[Result "0-1"]
[WhiteElo "2327"]
[BlackElo "2420"]
[PlyCount "88"]
[EventDate "2024.01.16"]
[EventType "swiss (blitz)"]
[EventRounds "11"]
[EventCountry "USA"]
[SourceTitle "CB04_2024"]
[SourceDate "2023.10.16"]
[SourceVersion "1"]
[SourceVersionDate "2023.10.16"]
[SourceQuality "1"]

1. d4 e5 2. e3 Nc6 3. Nf3 d6 4. Be2 g6 5. c4 Bg7 6. Nc3 Nf6 7. b3 exd4 8. Nxd4 Nxd4 9. Qxd4 0-0 10. Bb2 Re8 11. Qd2 Bf5 12. 0-0 Ne4 13. Nxe4 Bxe4 14. Bxg7 Kxg7 15. f3 Bc6 16. e4 Qf6 17. Rad1 a5 18. a3 Qe5 19. Rfe1 Qc5+ 20. Qd4+ Qxd4+ 21. Rxd4 Re5 22. Kf2 Rae8 23. b4 b6 24. Rdd1 g5 25. Bd3 h5 26. h3 h4 27. Bc2 Bd7 28. Bd3 f5 29. exf5 Rxe1 30. Rxe1 Rxe1 31. Kxe1 axb4 32. axb4 Kf6 33. Kd2 Bxf5 34. Be2 c5 35. bxc5 bxc5 36. Ke3 Ke5 37. Bf1 Be6 38. Be2 Bf7 39. Bf1 Be8 40. Be2 Bd7 41. Bf1 Bc6 42. Be2 Bb7 43. Bf1 Ba6 44. Be2 d5 0-1

[Event "Titled Tuesday intern op 16th Jan Late"]
[Site "Chess.com INT"]
[Date "2024.01.16"]
[Round "9"]
[White "Gasparyan, Davit"]
[Black "Hambleton, Aman"]
[Result "1-0"]
[WhiteElo "2189"]
[BlackElo "2420"]
[PlyCount "59"]
[EventDate "2024.01.16"]
[EventType "swiss (blitz)"]
[EventRounds "11"]
[EventCountry "USA"]
[SourceTitle "CB04_2024"]
[SourceDate "2023.10.16"]
[SourceVersion "1"]
[SourceVersionDate "2023.10.16"]
[SourceQuality "1"]

1. Nf3 d5 2. d4 Bf5 3. c4 e6 4. e3 c6 5. Be2 Nd7 6. 0-0 Bd6 7. Nc3 h6 8. Bd3 Bxd3 9. Qxd3 Ngf6 10. Rb1 0-0 11. b4 a6 12. a4 Re8 13. cxd5 exd5 14. b5 cxb5 15. axb5 a5 16. Na4 Nb6 17. Nc5 Qe7 18. Bb2 Ne4 19. Rbc1 Rac8 20. g3 Nc4 21. Ba1 b6 22. Na4 Qf6 23. Kg2 h5 24. h4 g6 25. Ne5 Nxe5 26. dxe5 Bxe5 27. Rxc8 Rxc8 28. Bxe5 Qxe5 29. Nxb6 Rd8 30. Na4 1-0

[Event "Titled Tuesday intern op 16th Jan Late"]
[Site "Chess.com INT"]
[Date "2024.01.16"]
[Round "5"]
[White "Hambleton, Aman"]
[Black "Kramnik, Vladimir"]
[Result "0-1"]
[WhiteElo "2420"]
[BlackElo "2753"]
[PlyCount "194"]
[EventDate "2024.01.16"]
[EventType "swiss (blitz)"]
[EventRounds "11"]
[EventCountry "USA"]
[SourceTitle "CB04_2024"]
[SourceDate "2023.10.16"]
[SourceVersion "1"]
[SourceVersionDate "2023.10.16"]
[SourceQuality "1"]

1. d4 d5 2. Bf4 c5 3. e3 Nc6 4. c3 Nf6 5. Nd2 Bf5 6. Qb3 Na5 7. Qa4+ Bd7 8. Qd1 cxd4 9. exd4 a6 10. Bd3 Bg4 11. Ngf3 e6 12. 0-0 Nc6 13. Re1 Be7 14. a4 0-0 15. Qb1 Bh5 16. Ne5 Rc8 17. Ndf3 Bg6 18. Nxg6 hxg6 19. g3 Re8 20. Kg2 Bf8 21. h4 Ne7 22. Ne5 Nf5 23. Rh1 Bd6 24. Qe1 Qc7 25. Qe2 Nh5 26. Bd2 Nf6 27. g4 Ne7 28. h5 Bxe5 29. dxe5 Ne4 30. hxg6 Nxg6 31. Bxe4 dxe4 32. Qxe4 Qxe5 33. Qxe5 Nxe5 34. Kg3 Nc4 35. Bc1 e5 36. Rb1 f6 37. b3 Nd6 38. c4 Ne4+ 39. Kg2 Nc5 40. Be3 Ne6 41. Rhd1 Red8 42. Kf3 Kf7 43. a5 Ke7 44. Ke4 Rxd1 45. Rxd1 Rh8 46. b4 Rc8 47. Rc1 g6 48. Bb6 Ng5+ 49. Ke3 f5 50. gxf5 gxf5 51. f4 Nf7 52. Bc5+ Ke6 53. fxe5 Nxe5 54. Kd4 Nf3+ 55. Ke3 Ng5 56. Kd4 Ne4 57. Bb6 Kf6 58. Rh1 Rg8 59. Rh6+ Rg6 60. Rh7 Rg7 61. Bd8+ Kg6 62. Rh1 Kf7 63. Bb6 Ke6 64. b5 Rg4 65. Ke3 Nd6 66. bxa6 Nxc4+ 67. Kd3 bxa6 68. Rh6+ Kd5 69. Rh8 Ne5+ 70. Kc3 Rg3+ 71. Kb4 Nc6+ 72. Ka4 Rg4+ 73. Kb3 Rb4+ 74. Kc3 Rb5 75. Rf8 Ke4 76. Re8+ Kf3 77. Ra8 Nb4 78. Bd8 f4 79. Kc4 Nc6 80. Bb6 Nxa5+ 81. Bxa5 Rxa5 82. Kb4 Ra1 83. Kb3 Kf2 84. Kb2 Ra5 85. Rh8 f3 86. Rh2+ Kg1 87. Rh6 f2 88. Rg6+ Kh1 89. Rh6+ Kg2 90. Rg6+ Kf1 91. Kc2 Rf5 92. Kd2 a5 93. Rg7 a4 94. Ra7 a3 95. Rxa3 Kg2 96. Ra8 f1Q 97. Rg8+ Kf3 0-1

[Event "Titled Tuesday intern op 16th Jan Late"]
[Site "Chess.com INT"]
[Date "2024.01.16"]
[Round "10"]
[White "Hambleton, Aman"]
[Black "Meunier Pion, Jean"]
[Result "0-1"]
[WhiteElo "2420"]
[BlackElo "2198"]
[PlyCount "80"]
[EventDate "2024.01.16"]
[EventType "swiss (blitz)"]
[EventRounds "11"]
[EventCountry "USA"]
[SourceTitle "CB04_2024"]
[SourceDate "2023.10.16"]
[SourceVersion "1"]
[SourceVersionDate "2023.10.16"]
[SourceQuality "1"]

1. d4 d5 2. Bf4 c5 3. e3 cxd4 4. exd4 Nc6 5. c3 Nf6 6. Bd3 g6 7. Nf3 Bg7 8. h3 0-0 9. 0-0 Bf5 10. Bxf5 gxf5 11. Ne5 Nd7 12. Nd3 f6 13. Qh5 e5 14. Qxf5 exf4 15. Qxd5+ Kh8 16. Nxf4 Nb6 17. Qxd8 Rfxd8 18. Ne6 Rd6 19. Nc5 f5 20. Nxb7 Rg6 21. Nd2 Na4 22. Nc4 Rb8 23. Nbd6 Nxb2 24. Nxb2 Rxd6 25. Nc4 Rg6 26. Rab1 Rg8 27. Kh1 Ne7 28. Rb7 Nd5 29. Ne3 Nxe3 30. fxe3 Rf6 31. Rc7 a6 32. Rb7 Re8 33. Rf3 Bh6 34. Rc7 Bxe3 35. g3 f4 36. Kg2 Rg6 37. Kf1 Rxg3 38. Rxg3 fxg3 39. Kg2 Bf4 40. Kf3 Bxc7 0-1